Представление документа в формате MARC21

Поле Инд. ПП Название Значение
Тип записи a
Библиографический уровень c
001 Контрольный номер RU/IS/BASE/541778030
005 Дата корректировки 20230927112918.1
040 b Код языка каталог. rus
e Правила каталог. PSBO
041 0_ a Код языка текста rus
097 b Оператор *Ир*
b Оператор *Ольга*
245 10 a Заглавие !Учебно-методический комплекс дисциплины, части формируемая участниками образовательных отношений Блока 1 "Дисциплины (модули)" "Стандарты, концепции и системы управления качеством". Направление подготовки магистров 38.04.01 Экономика. Направленность (профиль): Экономика фирмы
c Ответственность Тверской гос. техн. ун-т, Каф. МЕН
c Ответственность сост. О.П. Разинькова
b Продолж. заглавия ФГОС 3+
260 c Дата издания 2022
440 _0 a Серия УМК
516 8_ a Прим. о типе комп. файла/ данных Текст : электронный
655 a Жанр/ форма (устаревшее) М
856 40 u URL https://elib.tstu.tver.ru/MegaPro/GetDoc/Megapro/115367
901 t Тип документа x
905 a Дата создания записи 02.03.17
a Дата создания записи 20.09.17
951 i EL-ТГТУ? Да
a EL-УМК? Готов
d EL-Информация? За электронные документы, представленные в УМК, несет ответственность кафедра и разработчик УМК
952 h НВВ-Полн.число УМКД 15 док.
a Тип литературы для КСУ ВШ М
990 h N записи в КСУ для Б/У (DOS) 10/2017
f Даты поступлений (DOS) 19.06.23